| 000 | 01649nam a22004697a 4500 | ||
|---|---|---|---|
| 001 | 00260 | ||
| 003 | DO-SdBNP | ||
| 005 | 20180201145151.0 | ||
| 008 | 151105b 1989 sp ||||| |||| 00| 0 spa d | ||
| 020 | _a8420732494 | ||
| 040 |
_aBPMSU _bspa _cBPMSU |
||
| 041 |
_aspa _hrus |
||
| 100 | 1 |
_aGógol, Nikolai Vasilievich, _d1809-1852. |
|
| 245 | 1 | 0 |
_aLa avenida del Nevá ; El retrato ; La nariz ; El capote ; Apuntes de un loco / _cNikolaí V. Gógol ; traducción y notas, Isabel Vicente ; apéndice, Constantino Bértolo ; ilustración, Yuri Charyshnikov. |
| 260 |
_aMadrid : _bAnaya, _c1989. |
||
| 300 |
_a271 p. : _bil. ; _c20 cm. |
||
| 490 | 1 |
_aTus libros sátiricos _v85 |
|
| 500 | _aIncluye referencias bibliográficas y notas al pie de las páginas. | ||
| 504 | _aBibliografía : p. 265 | ||
| 505 | 0 | _aLa avenida del nevá -- | |
| 505 | 0 | _aLa nariz -- | |
| 505 | 0 | _aEl retrato -- | |
| 505 | 0 | _aEl capote -- | |
| 505 | 0 | _aApuntes de un loco. | |
| 650 | _aCuentos juveniles rusos. | ||
| 700 | 1 | 2 |
_aVicente, Isabel, _etr. |
| 700 | 1 | 2 |
_aCharyshnikov, Yuri, _eil. |
| 700 | 1 | 2 | _aBértolo, Constantino |
| 700 | 1 | 2 |
_aGógol, Nikolai Vasilievich, _tEl retrato |
| 700 | 1 | 2 |
_aGógol, Nikolai Vasilievich, _tLa naríz |
| 700 | 1 | 2 |
_aGógol, Nikolai Vasilievich, _tEl capote |
| 700 | 1 | 2 |
_aGógol, Nikolai Vasilievich, _tApuntes de un loco |
| 740 | 3 | 2 | _aLa avenida del nevá |
| 740 | 3 | 2 | _aLa nariz. |
| 740 | 3 | 2 | _aEl retrato. |
| 740 | 3 | 2 | _aEl capote. |
| 740 | 3 | 2 | _aApuntes de un loco. |
| 830 | 0 |
_aTus libros sátiricos ; _n85 |
|
| 942 |
_2ddc _cBK |
||
| 945 | _aInventariado, 201 /LP | ||
| 956 |
_aLOPEREZ _b10 |
||
| 999 |
_c8568 _d8568 |
||